Štúdium štruktúrnych nehomogenít vysokoteplotných páskových supravodičov prostredníctvom rastrovacej elektrónovej mikroskopie

Enregistré dans:
Détails bibliographiques
Auteur principal: Fančovičová, Eva, 1988- (Auteur)
Autres auteurs: Pekarčíková, Marcela, 1974- (Directeur de thèse)
Format: Manuscrit Livre
Langue:slovaque
Publié: Trnava : STU v Bratislave MTF UMAT, 2014
Sujets:
Accès en ligne:VAIS
Tags: Ajouter un tag
Pas de tags, Soyez le premier à ajouter un tag!

MARC

LEADER 00000ntm a22000003a 4500
001 stu292490
005 20150617230300.8
008 140626s2014----xo------------------slo-d
040 |a STU  |b slo 
041 0 |a slo 
044 |a xo 
100 1 |a Fančovičová, Eva,  |d 1988-  |4 aut  |u M  |T MTF Materiálovotechnologická fakulta  |X 55285  |U M  |Y 60  |7 A000055285 
242 0 0 |a The study of structural inhomogeneities of high-temperature superconductor tapes by means of scanning electron microscopy  |y eng 
245 1 |a Štúdium štruktúrnych nehomogenít vysokoteplotných páskových supravodičov prostredníctvom rastrovacej elektrónovej mikroskopie 
260 |a Trnava :  |b STU v Bratislave MTF UMAT,  |c 2014 
300 |a 51s  |c CD 
650 7 |a Materials Engineering  |2 estusub 
650 7 |a superconductivity  |2 estusub 
650 7 |a supravodivosť  |2 stusub 
700 1 |a Pekarčíková, Marcela,  |d 1974-  |4 ths  |u M1000  |U MTF Materiálovotechnologická fakulta  |T MTF Ústav materiálov  |X 4722  |U M1000  |Y 81  |7 A000004722 
856 4 |a info a plný text  |u http://is.stuba.sk/zp/portal_zp.pl?podrobnosti=99471  |3 VAIS 
996 |c M*DP-11788  |l MMSKP  |s P  |a 0  |w stu292490_0001